000 00300nam a22001337a 4500
008 171003b xxu||||| |||| 00| 0 eng d
020 _a9780683045307
041 _aeng
080 _27th
_a159.9
100 _a48
101 _aPSI
245 _aSYNOPSIS OF PSYCHIATRY
_cKAPLAN,H,I
942 _2udc
_cBK
999 _c31518
_d31518